Naqoosh E Iqbal (Record no. 34089)

000 -LEADER
fixed length control field 00264nam a22001097a 4500
100 ## - MAIN ENTRY--PERSONAL NAME
Personal name Ali Nadwa, Syed Abu Ul Hasan
245 ## - TITLE STATEMENT
Title Naqoosh E Iqbal
260 ## - PUBLICATION, DISTRIBUTION, ETC.
Place of publication, distribution, etc. Karachi :
Name of publisher, distributor, etc. Service Book Club,
Date of publication, distribution, etc. 1988.
300 ## - PHYSICAL DESCRIPTION
Extent 320 p. ;
Other physical details 22 cm.
500 ## - GENERAL NOTE
General note Hardcover.
942 ## - ADDED ENTRY ELEMENTS (KOHA)
Koha item type Book
Holdings
Withdrawn status Lost status Source of classification or shelving scheme Damaged status Not for loan Permanent Location Current Location Shelving location Date acquired Total Checkouts Full call number Barcode Date last seen Date last checked out Price effective from Koha item type
          School of Mechanical & Manufacturing Engineering (SMME) School of Mechanical & Manufacturing Engineering (SMME) Book Bank 05/26/2016 1 891.4393 SMME-BB09 09/07/2023 12/12/2022 05/26/2016 Book
© 2023 Central Library, National University of Sciences and Technology. All Rights Reserved.